Central-Library-PUMHS

Online Public Access Catalogue

Welcome to PUMHS Central Library Nawabshah, SBA

A Companion to Paleopathology 2012 (Record no. 37948)

000 -LEADER
fixed length control field 00255nam a22001217a 4500
082 ## - DEWEY DECIMAL CLASSIFICATION NUMBER
Classification number 616 GRA
100 ## - MAIN ENTRY--AUTHOR NAME
Personal name Grauer Anne L.
245 ## - TITLE STATEMENT
Title A Companion to Paleopathology 2012
260 ## - PUBLICATION, DISTRIBUTION, ETC. (IMPRINT)
Year of publication 2012
300 ## - PHYSICAL DESCRIPTION
Number of Pages 597
650 ## - SUBJECT ADDED ENTRY--TOPICAL TERM
Topical Term Paleopathology
942 ## - ADDED ENTRY ELEMENTS (KOHA)
Koha item type Books
Holdings
Withdrawn status Lost status Permanent Location Current Location Shelving location Date acquired Source of acquisition Cost, normal purchase price Full call number Accession Number Koha item type
    Central Library New Campus PUMHS Nawabshah,(SBA) Central Library New Campus PUMHS Nawabshah,(SBA) Public Health Library 2026-03-07 M/S Zs Agency INVNo:24145 Date:30-4-25 1949.40 616 GRA 41287 Ref Books
    Central Library New Campus PUMHS Nawabshah,(SBA) Central Library New Campus PUMHS Nawabshah,(SBA) Public Health Library 2026-03-07 M/S Zs Agency INVNo:24145 Date:30-4-25 1949.40 616 GRA 41288 Ref Books

Copyright © 2018,The PUMHSW, Nawabshah, Shaheed Benazirabad. All rights reserved
Mr. Abdul Sattar Mahar (Chief Librarian) PUMHSW, Nawabshah, Sindh, Pakistan 67480.
Ph#: | 0244-9370425 Ext. 2241 Email| librarian@pumhs.edu.pk Web| http://www.pumhs.edu.pk
سنڌي ڪي بورڊ